| 000 | 00571nam a2200169 i 4500 | ||
|---|---|---|---|
| 001 | 20890 | ||
| 003 | ES-MaACL | ||
| 005 | 20230906152401.0 | ||
| 007 | t| | ||
| 008 | 021119s1974 sp ||||1| spa d | ||
| 245 | 0 | 3 |
_aLa actual revisión del Derecho del Mar _b: una perspectiva española / _cpor Antonio Poch... [et al.]. |
| 260 |
_a[Madrid : _bInstituto de Estudios Políticos, Aragón], _c1974. |
||
| 300 |
_a2 v. ; _c21 cm. |
||
| 700 | 1 |
_aPoch, Antonio. _992694 |
|
| 710 | 2 |
_aInstituto de Estudios Políticos (Madrid) _94924 |
|
| 852 |
_aES-MaACL _jL-2498-9 _bR.103453 |
||
| 999 |
_c20890 _d20890 |
||